Logo BPK

Biblioteka

Politechniki Koszalińskiej

Prawo rzymskie : (Rekord nr 30923)

Szczegóły MARC
000 -ETYKIETA REKORDU
podpole kontrolne o stałej długości 00792nam a2200277 i 4500
001 - NUMER KONTROLNY REKORDU
pole kontrolne bg
020 ## - MIĘDZYNARODOWY ZNORMALIZOWANY NUMER KSIĄŻKI - ISBN
ISBN 8371103034
020 ## - MIĘDZYNARODOWY ZNORMALIZOWANY NUMER KSIĄŻKI - ISBN
ISBN 3406402623 (Niemcy)
040 ## - ŹRÓDŁO KATALOGOWANIA
Instytucja, która utworzyła rekord BPK
041 0# - KOD JĘZYKA
Kod języka tekstu pol
080 ## - UNIWERSALNA KLASYFIKACJA DZIESIĘTNA - UKD
UKD 34(37)(075.8)
920 ## - Międzynarodowy znormalizowany numer książki – ISBN
ISBN 83-7110-303-4
920 ## - Międzynarodowy znormalizowany numer książki – ISBN
ISBN 3-406-40262-3 (Niemcy)
008 - POLE O STAŁEJ DŁUGOŚCI - DANE KONTROLNE
podpole kontrolne o stałej długości s pl f |000 0 pol
100 1# - NAZWA OSOBOWA
Nazwa osobowa WOŁODKIEWICZ, Witold
245 10 - TYTUŁ/ODPOWIEDZIALNOŚĆ
Tytuł Prawo rzymskie :
Ciąg dalszy tytułu instytucje /
Pozostałe elementy strefy tytułu i oznaczenia odpowiedzialności Witold Wołodkiewicz, Maria Zabłocka.
260 ## - STREFA ADRESU WYDAWNICZEGO
Miejsce wydania Warszawa :
Nazwa wydawcy/dystrybutora C. H. Beck,
Data publikacji, dystrybucji/powstania dokumentu 1996.
300 ## - STREFA OPISU FIZYCZNEGO
Objętość 386 s. ;
Rozmiary 21 cm.
490 1# - STREFA SERII I DOKUMENTU WIELOCZĘŚCIOWEGO - FORMA NIE DO WYSZUKIWANIA
Tytuł i oznaczenie odpowiedzialności serii Podręczniki Prawnicze
504 ## - UWAGA DOTYCZĄCA BIBLIOGRAFII
Informacje o bibliografii Bibliogr. s. 21-22 i przy rozdz. - Indeksy.
650 #9 - HASŁO PRZEDMIOTOWE W FORMIE NAZWY OGÓLNEJ LUB JEDNOSTKOWEJ
Nazwa ogólna lub geograficzna Prawo rzymskie
655 ## - TERMIN INDEKSOWY - OKREŚLENIE RODZAJU/FORMY DOKUMENTU
Określenie rodzaju/formy dokumentu Podręczniki akademickie
700 1# - HASŁO DODATKOWE - NAZWA OSOBOWA
Nazwa osobowa ZABŁOCKA, Maria
830 ## - HASŁO DODATKOWE SERII LUB DOKUMENTU WIELOCZĘŚCIOWEGO - TYTUŁ UJEDNOLICONY
Tytuł ujednolicony Podręczniki Prawnicze
856 ## - LOKALIZACJA I DOSTĘP DO ELEKTRONICZNYCH DOKUMENTÓW ZDALNYCH
Link (URL) http://koha.tu.koszalin.pl/cgi-bin/koha/opac-detail.pl?biblionumber=30923
Tekst linku Katalog online BPK
942 ## - DODATKOWE ELEMENTY (KOHA)
Typ dokumentu Książka
Egzemplarze
Wycofany Status egzemplarza Uszkodzony Dostępność Lokalizacja stała Lokalizacja bieżąca Miejsce przechowywania Sygnatura Kod kreskowy Dział Typ dokumentu
      Tylko na miejscu Biblioteka Politechniki Koszalińskiej Biblioteka Politechniki Koszalińskiej Czytelnia Wydziałowa ul. Kwiatkowskiego 6e 37878 01071368 34 Prawo. Nauki prawne Książka
© 2023 Biblioteka Politechniki Koszalińskiej :: KOHA